Nachbarländer der Nachbarländer Russlands (SCHWER) - Statistiken

Allgemein
  • Dieses Quiz wurde 656 mal gespielt
    608 seit der letzten Aktualisierung
  • Das Durchschnittsergebnis liegt bei 32 aus 38
Antwortstatistiken
Land % Korrekt
Lettland
91%
Schweden
91%
Estland
90%
China
89%
Finnland
89%
Indien
89%
Litauen
89%
Polen
89%
Ukraine
89%
Aserbaidschan
88%
Norwegen
88%
Moldawien
87%
Südkorea
87%
Armenien
86%
Deutschland
86%
Kasachstan
86%
Kirgistan
86%
Rumänien
86%
Usbekistan
86%
Georgien
85%
Nordkorea
85%
Tadschikistan
85%
Turkmenistan
85%
Belarus
83%
Iran
83%
Slowakei
83%
Türkei
83%
Ungarn
83%
Afghanistan
82%
Nepal
82%
Pakistan
82%
Tschechien
81%
Mongolei
79%
Vietnam
78%
Bhutan
74%
Laos
74%
Myanmar
70%
Russland
36%
Keine übereinstimmenden Quizze gefunden
Verteilung der Resultate
Anzahl Personen mit jedem Resultat
Perzentil nach korrekt beantworteten Fragen
Ihre Resultats-Entwicklung
Sie haben dieses Quiz seit der letzten Aktualisierung nicht gespielt